Statistics for Mount Rushmore Quiz

Click here to take the quiz!

General Stats

  • This quiz has been taken 9 times
  • The average score is 5 of 12

Answer Stats

QuestionAnswer% Correct
In which USA state is Mount Rushmore in?South Dakota
88%
Which presidents head was the first completed?George Washington
88%
What was the name of the chief engineers son who took over the project after his fathers death?Lincoln Borglum
88%
Which stone is the vast majority of the monument made from?Granite
63%
Under which president did the project receive Congressional approval?Calvin Coolidge
38%
Which year did the project start?1927
38%
In which year was the project completed?1941
38%
Who was the engineer in charge of the project?Gutzon Borglum
25%
Which US president dedicated the monument 50 years after its completion?George .W.Bush
25%
Which president's head was the second completed?Thomas Jefferson
13%
By which name was the mountain formerly known?Six Grandfathers
0%
What is the nearest city to Mount Rushmore?Keystone
0%

Score Distribution

Percentile by Number Answered

Percent of People with Each Score

Your Score History

You have not taken this quiz